00872nam a2200145Ia 4500008004100000020001500041050002100056100003200077245011600109260003100225300005100256500006800307505032000375650003100695120720t19781991mx ao 000 0 spa d a9682600464 aHF5547bT47 199110aTerry, George Roberteautor10aAdministración y control de oficinasb : el manejo administrativo de la informaciónc / George Robert Terry aMéxicob : CECSAc, 1991 a872 páginasb : ilustraciones, fotografías aReimpresión 1991 Incluye: índice alfabético (pp. 837-872) aIntroducción Planeación del trabajo de oficina que debe hacerse Planeación de cómo debe ejecutarse el trabajo de oficina Organización para determinar el trabajo de oficina que hace cada quien y en qué ambiente Actuación de quien hace el trabajo de oficina El control de quienes desempeñan el trabajo14aADMINISTRACION DE OFICINAS